00163nam a2200061Ia 4500008004100000100001600041245004400057120527s9999 xx 000 0 und d aMATSURO, K. aProtobiology: Physical basis of Biology